000 00538nam a2200181 a 4500
005 20241012063753.0
008 991125s1990 mx 000 0 spa u
035 _aUPN01000005896
049 _aI
050 4 _aLB1137
_aB57
245 0 0 _aBloques (rectangulares) [conjunto].
260 _a[México? :
_bs.n.,
_c1990?].
500 _aBloques (rectaculares ) con 10 diferentes colores y tamaños: en caja de plástico
650 4 _aJuegos educativos
_93952
650 4 _aJuegos infantiles
_96445
905 _aInfantil
999 _c5896
_d5896